000 01551nam a2200361 c 4500
003 BLK
005 20180422104424.0
008 180408b bul|||||r ||||||| ||bul||
010 _aKNG00092418000
040 _aBLK
041 _aBUL
_cBUL
080 _aАнглийска литература
_b821.111
_x-2
_z821.111-2
100 1 _aБайрон, Джордж Гордън Ноуъл
_eпърви автор
_9367011
700 1 _aСтоянов, Людмил
_eпрев.
_gЗлатарев, Георги Стоянов
_9367666
700 1 _aГрубешлиева, Мария
_eпрев.
_9368589
700 1 _aМинков, Цветан Николов
_eпредг. от
_9373170
139 _aБайрон, Джордж Гордън Ноел
_bБ 15
245 1 0 _aМанфред
_bДрам. поема
_cДжордж Гордън Ноуъл Байрон; прев. Людмил Стоянов; прев. Мария Грубешлиева; предг. от Цветан Николов Минков.
257 _aGBR
260 София
_bИгнатов
_c[1938]
_fСофия : печ. Венера
300 _a87 с.
_c15 см
380 _aX
490 1 _aБиблиотека за всички
_v№ 100
500 _aБез сведение за ориг. загл. - 5 000 тир. - Подв. с 6 кн.
653 _aдрами
653 _aпоеми
653 _aпиеси
852 _aЦб І 18355
856 4 _qpdf
_u
856 4 _qpdf
_u
942 _cKNG
_n0
944 _aCR
_c05.11.2009
_lф /
_kЛюдмила_Стоянова
944 _aED
_c04.02.2010
_lф /
_k
999 _c87766
_d87766